| 000 | 00502nam a2200181 i 4500 | ||
|---|---|---|---|
| 001 | 33863 | ||
| 003 | ES-MaACL | ||
| 005 | 20230906154832.0 | ||
| 007 | t| | ||
| 008 | 030203s1982 it ||||1| ita d | ||
| 100 | 1 |
_aBocca, Giorgio. _929658 |
|
| 245 | 1 | 0 |
_aStoria della Repubblica italiana dalla caduta del fascismo a oggi / _cGiorgio Bocca. |
| 250 | _a2ยช ed. | ||
| 260 |
_aMilano : _bRizzoli, _c1982. |
||
| 300 |
_a259 p. ; _c22 cm. |
||
| 500 | _aIndices. | ||
| 852 |
_aES-MaACL _jL-11667 _bR.113419 |
||
| 999 |
_c33863 _d33863 |
||